Industrial drying (Record no. 31257)

MARC details
000 -LEADER
fixed length control field 00270nam a2200109Ia 4500
082 ## - DEWEY DECIMAL CLASSIFICATION NUMBER
Classification number 066.047
Item number WIL
100 ## - MAIN ENTRY--AUTHOR NAME
Personal name Williams-Gardner, A
245 #0 - TITLE STATEMENT
Title Industrial drying
260 ## - PUBLICATION, DISTRIBUTION, ETC. (IMPRINT)
Place of publication London
Name of publisher George Godwin
Year of publication 1976
942 ## - ADDED ENTRY ELEMENTS (KOHA)
Koha item type Books
Holdings
Withdrawn status Lost status Damaged status Not for loan Home library Current library Date acquired Cost, normal purchase price Full call number Accession Number Koha item type
        RRII Library RRII Library 16/12/2021 8.00 066.047 WIL 11806 Books